| 000 -LEADER |
| fixed length control field |
01731cam a2200385 a 4500 |
| 001 - CONTROL NUMBER |
| control field |
16136940 |
| 003 - CONTROL NUMBER IDENTIFIER |
| control field |
NUST |
| 005 - DATE AND TIME OF LATEST TRANSACTION |
| control field |
20171019121415.0 |
| 008 - FIXED-LENGTH DATA ELEMENTS--GENERAL INFORMATION |
| fixed length control field |
100316s2008 pk a 000 0durd |
| 010 ## - LIBRARY OF CONGRESS CONTROL NUMBER |
| LC control number |
2010340604 |
| 020 ## - INTERNATIONAL STANDARD BOOK NUMBER |
| International Standard Book Number |
9789693702835 |
| 025 ## - OVERSEAS ACQUISITION NUMBER |
| Overseas acquisition number |
P-U-2010340604; 32 |
| 040 ## - CATALOGING SOURCE |
| Original cataloging agency |
DLC |
| Transcribing agency |
DLC |
| Modifying agency |
DLC |
| 042 ## - AUTHENTICATION CODE |
| Authentication code |
lcode |
| 043 ## - GEOGRAPHIC AREA CODE |
| Geographic area code |
a-pk--- |
| 050 00 - LIBRARY OF CONGRESS CALL NUMBER |
| Classification number |
DS384+ |
| 066 ## - CHARACTER SETS PRESENT |
| Alternate G0 or G1 character set |
(3 |
| -- |
(4 |
| 082 ## - DEWEY DECIMAL CLASSIFICATION NUMBER |
| Classification number |
954.9043 |
| Author Mark |
KHA |
| 100 1# - MAIN ENTRY--PERSONAL NAME |
| Linkage |
880-01 |
| Personal name |
K̲h̲ān, ʻAbdulqayyūm, |
| Dates associated with a name |
1924-2015. |
| 9 (RLIN) |
5528 |
| 245 10 - TITLE STATEMENT |
| Linkage |
880-02 |
| Title |
Muz̲ākarāt se Mārshal lāʼ tak / |
| Statement of responsibility, etc. |
Sardār Muḥammad ʻAbdulqayyūm K̲h̲ān. |
| 250 ## - EDITION STATEMENT |
| Linkage |
880-03 |
| Edition statement |
Ishāʻat 1. |
| 260 ## - PUBLICATION, DISTRIBUTION, ETC. |
| Linkage |
880-04 |
| Place of publication, distribution, etc. |
Islāmābād : |
| Name of publisher, distributor, etc. |
Naishnal Buk Fāʼūnḍeshan, |
| Date of publication, distribution, etc. |
2008. |
| 300 ## - PHYSICAL DESCRIPTION |
| Extent |
152 p. : |
| Other physical details |
ill. ; |
| Dimensions |
22 cm. |
| 500 ## - GENERAL NOTE |
| General note |
In Urdu. |
| 520 ## - SUMMARY, ETC. |
| Summary, etc. |
Political memoirs of ʻAbdulqayyūm K̲h̲ān with special reference to the 1977 election crisis in Pakistan and the imposition of Martial law in the country. |
| 600 10 - SUBJECT ADDED ENTRY--PERSONAL NAME |
| Linkage |
880-05 |
| Personal name |
K̲h̲ān, ʻAbdulqayyūm, |
| Dates associated with a name |
1924-2015. |
| 9 (RLIN) |
5528 |
| 651 #0 - SUBJECT ADDED ENTRY--GEOGRAPHIC NAME |
| Geographic name |
Pakistan |
| General subdivision |
Politics and government |
| Chronological subdivision |
1971- |
| 9 (RLIN) |
5529 |
| 710 2# - ADDED ENTRY--CORPORATE NAME |
| Linkage |
880-06 |
| Corporate name or jurisdiction name as entry element |
National Book Foundation (Pakistan) |
| 9 (RLIN) |
1397 |
| 880 1# - ALTERNATE GRAPHIC REPRESENTATION |
| Linkage |
100-01/(3/r |
| Title |
خان، سردار محمّد عبدالقيّوم. |
| 880 10 - ALTERNATE GRAPHIC REPRESENTATION |
| Linkage |
245-02/(3/r |
| Title |
مذاکرات سے مارشل لاء تک / |
| c |
سردار محمّد عبدالقيّوم خان. |
| 880 ## - ALTERNATE GRAPHIC REPRESENTATION |
| Linkage |
250-03/(3/r |
| Title |
اشاعت 1. |
| 880 ## - ALTERNATE GRAPHIC REPRESENTATION |
| Linkage |
260-04/(3/r |
| Title |
اسلامآباد : |
| b |
نيشنل بک فاؤنڈيشن، |
| c |
2008. |
| 880 14 - ALTERNATE GRAPHIC REPRESENTATION |
| Linkage |
600-05/(3/r |
| Title |
خان، سردار محمّد عبدالقيّوم. |
| 880 2# - ALTERNATE GRAPHIC REPRESENTATION |
| Linkage |
710-06/(3/r |
| Title |
نيشنل بک فاؤنڈيشن (Pakistan) |
| 906 ## - LOCAL DATA ELEMENT F, LDF (RLIN) |
| a |
7 |
| b |
ibc |
| c |
origode |
| d |
3 |
| e |
ncip |
| f |
20 |
| g |
y-nonroman |
| 942 ## - ADDED ENTRY ELEMENTS (KOHA) |
| Source of classification or shelving scheme |
|
| Koha item type |
Book |